[Event "Rome Elo op 5th"]
[Site "Rome"]
[Date "2009.10.07"]
[Round "3"]
[White "Zacchia, Marco"]
[Black "Simeone, Giulio"]
[Result "0-1"]
[WhiteElo "1433"]
[BlackElo "1979"]
[PlyCount "39"]
[EventDate "2009.09.16"]
[EventType "swiss"]
[EventRounds "5"]
[EventCountry "ITA"]
[SourceTitle "EXT 2012"]
[Source "ChessBase"]
[SourceDate "2011.11.24"]
[SourceVersion "1"]
[SourceVersionDate "2011.11.24"]
[SourceQuality "1"]

1. d4 g6 2. Nf3 d5 3. g3 Bg7 4. Bg2 c5 5. e3 Bg4 6. c3 Nf6 7. Qb3 Qc7 8. Nbd2 0-0 9. 0-0 Nc6 10. Re1 Bh6 11. e4 Bxd2 12. Nxd2 dxe4 13. dxc5 Ne5 14. Nxe4 Nd3 15. Nxf6+ exf6 16. Bh6 Nxe1 17. Bxf8 Nxg2 18. Bd6 Qc6 19. Qc4 Bh3 20. b4 0-1

[Event "Rome Elo op 4th"]
[Site "Rome"]
[Date "2009.05.20"]
[Round "3"]
[White "Gatta, Flavio"]
[Black "Zacchia, Marco"]
[Result "1-0"]
[WhiteElo "1757"]
[BlackElo "1487"]
[PlyCount "83"]
[EventDate "2009.05.06"]
[EventType "swiss"]
[EventRounds "7"]
[EventCountry "ITA"]
[SourceTitle "EXT 2011"]
[Source "ChessBase"]
[SourceDate "2010.11.26"]
[SourceVersion "1"]
[SourceVersionDate "2010.11.26"]
[SourceQuality "1"]

1. e4 d5 2. exd5 Nf6 3. d4 Nxd5 4. Nf3 Bg4 5. h3 Bh5 6. Be2 c6 7. 0-0 e6 8. c4 Nf6 9. Nc3 Be7 10. Be3 Nbd7 11. d5 exd5 12. cxd5 cxd5 13. Nxd5 0-0 14. Nxe7+ Qxe7 15. Re1 Rfd8 16. Qb3 b6 17. Bc4 Qf8 18. Bg5 h6 19. Bh4 g5 20. Bg3 g4 21. hxg4 Nxg4 22. Rad1 Nc5 23. Qb5 Rxd1 24. Rxd1 Rd8 25. Re1 Bg6 26. Nh4 Qg7 27. Qc6 Kh7 28. Nxg6 Qxg6 29. Qxg6+ Kxg6 30. f3 Nf6 31. Re7 Rd7 32. Bxf7+ Kg7 33. Rxd7 Nfxd7 34. Bc4 a6 35. b4 b5 36. Bd5 Na4 37. Bc6 Ndb6 38. Bb7 Nc4 39. Bxa6 Nc3 40. a4 Ne2+ 41. Kf2 Nxg3 42. Kxg3 1-0